000 00727nam a2200193 u 4500
001 000643505
003 AM-YeHGA
005 20250617140917.0
008 090319s1962 ||| r 000 0 rus d
040 _aAM-YeHGA
041 0 _arus
100 1 _aУдалов, Иван Александрович
245 1 0 _aДорогой смелых :
_bРассказы о балтийских разведчиках /
_cИ. Удалов.
260 _aВладимир :
_bВладимирское кн. изд-во,
_c1962.
300 _a135 с. :
_bил.
440 0 _aБ-чка клубного работника "Рабочий клуб"
653 0 _aРусская советская литература
090 _c230460
999 _c228913
_d228913